00385nam a2200145 a 4500008004100000050001700041100001900058245002700077246002000104260005300124300002000177350000900197650001900206650001400225120416s1970 ||||||||||||||||| || u aQA 402.3 Kir aKirk, Donald F10aOptimal control theory aan introduction aEnglewood Cliffs, N.J.bFT Prentice-Hallc[1970] aix, 452p. : ill a0.00 0aCONTROL THEORY aCOMPUTERS